Design of hashing algorithms
Αποθηκεύτηκε σε:
| Κύριος συγγραφέας: | |
|---|---|
| Άλλοι συγγραφείς: | |
| Μορφή: | Βιβλίο |
| Γλώσσα: | English |
| Δημοσίευση: |
Berlin ; New York :
Springer-Verlag,
c1993
|
| Σειρά: | Lecture notes in computer science ;
; 756 |
| Θέματα: | |
| Ετικέτες: |
Προσθήκη ετικέτας
Δεν υπάρχουν, Καταχωρήστε ετικέτα πρώτοι!
|
MARC
| LEADER | 00000nam a2200000 i 4500 | ||
|---|---|---|---|
| 001 | 1/105692 | ||
| 008 | 000328s1993 eng d | ||
| 020 | |a 3-540-57500-6 | ||
| 035 | |l 10059349 | ||
| 040 | |a GR-MY-UA |b gre |e aacr | ||
| 041 | 0 | |a eng | |
| 082 | 0 | |a 005.82 | |
| 100 | 0 | |a Pieprzyk, Josef |d 1949- | |
| 245 | 1 | 0 | |a Design of hashing algorithms / |c Josef Pieprzyk, Babak Sadeghiyan |
| 260 | |a Berlin ; New York : |b Springer-Verlag, |c c1993 | ||
| 300 | |a xiii, 194 p.; |b ill.; |c 24 cm. | ||
| 490 | 1 | |a Lecture notes in computer science |v ; 756 | |
| 504 | |a Includes bibliographical references and index | ||
| 650 | 0 | 0 | |a Hashing (Computer science) |
| 650 | 0 | 0 | |a Computer algorithms. |
| 650 | 0 | 0 | |a Computer security. |
| 700 | 1 | |a Sadeghiyan, Babak |d 1961- | |
| 830 | 0 | |a Lecture notes in computer science ; |v ; 756 | |
| 852 | |a INST |b SAMOS |e 20000328 |h 005.82 PIE |p 005300017789 |q 005300017789 |t BK |y 0 | ||
| 901 | |a BIBL3-2000-1 | ||
| 901 | |a BIBL3-2000-1 | ||
| 909 | |a Σ |b 076924 | ||
| 922 | |a 3ΕΛΗ | ||
| 922 | |a 3ΕΛΗ |b 200003 |c ΚΠΣ |d ΠΑΠΑΣΩΤΗΡΙΟΥ | ||
| 950 | |a 116-2000-01-12 | ||
| 970 | |z 2000/03 | ||
| 970 | |a ΚΟΣΙΕΡΗΣ |b ΧΡΗΣΤΟΣ |z 2000/04/14 | ||